000 00811nam a22002177a 4500
003 UA-OsUOA
001 39168
007 ta
008 20080312b un ||||| |||| 00| 0 ukr d
090 _a050
_bЗ-12
942 _cMG
040 _aUA-OsUOA
_bukr
_cUA-OsUOA
_dUA-OsUOA
245 _aЗа патріярхат
955 _a4
041 _aukr
080 _a050
246 3 1 _aБюлетень Товариства за патріярхальний устрій Української Католицької Церкви
310 _a1975: ч. 6, черв.; ч.7-8, лип.-серп; ч.9, вер.;
650 7 _a050 Серійні публікації. Періодика галузі, Організація та інші типи поєднання (співробітництва)
_2UDC
999 _c437591
_d437591